Wordt geladen...
Deewan Hassa Ibnu Sabith
| Hoofdauteur: | |
|---|---|
| Formaat: | Printed Book |
| Onderwerpen: |
| LEADER | 00364nam a22001097a 4500 | ||
|---|---|---|---|
| 082 | |a A892.71 |b UMA/D | ||
| 100 | |a Umar Farook Al Thobbag | ||
| 245 | |a Deewan Hassa Ibnu Sabith | ||
| 650 | |a Arabic poetry | ||
| 942 | |c BK | ||
| 999 | |c 42896 |d 42896 | ||
| 952 | |0 0 |1 0 |4 0 |6 A_892_710000000000000_UMAD |7 0 |8 Stack |9 46770 |a KUCL |b KUCL |c A |d 2016-12-08 |l 0 |o A892.71 UMA/D |p 33926 |r 2017-02-14 |w 2016-12-08 |y BK | ||